[Event "Catalunya-chT Gp1"]
[Site "Barcelona"]
[Date "2024.02.10"]
[Round "4.7"]
[White "Banos, Oscar Francisco"]
[Black "Garcia Gallardo, Victor"]
[Result "0-1"]
[WhiteElo "2199"]
[BlackElo "2075"]
[PlyCount "107"]
[EventDate "2024.01.20"]
[EventType "team-tourn"]
[EventRounds "7"]
[EventCountry "ESP"]
[SourceTitle "CB11_2024"]
[SourceDate "2024.03.13"]
[SourceVersion "1"]
[SourceVersionDate "2024.03.13"]
[SourceQuality "1"]
[WhiteTeam "Figueres"]
[BlackTeam "Terrassa"]
[WhiteTeamCountry "ESP"]
[BlackTeamCountry "ESP"]

1. Nf3 Nf6 2. c4 g6 3. Nc3 Bg7 4. e4 d6 5. d4 0-0 6. Be2 Nbd7 7. 0-0 e5 8. d5 a5 9. Qc2 Nc5 10. Bg5 h6 11. Be3 Nh5 12. g3 Bh3 13. Rfe1 Qe8 14. Kh1 Bg4 15. Ng1 Bxe2 16. Qxe2 b6 17. f3 f5 18. Bd2 Nf6 19. b3 Qd7 20. Rab1 Rf7 21. a3 a4 22. b4 Nb3 23. Rf1 fxe4 24. fxe4 Nd4 25. Qd3 Raf8 26. h3 Nh5 27. Kg2 g5 28. Rxf7 Qxf7 29. Be3 g4 30. hxg4 Nf6 31. Rf1 Qg6 32. g5 hxg5 33. Nf3 Ng4 34. Bg1 Qf6 35. Nxd4 Qxf1+ 36. Qxf1 Rxf1 37. Kxf1 exd4 38. Nb5 d3 39. Ke1 Ne5 40. Be3 Nxc4 41. Bxg5 Kf7 42. Kd1 Kg6 43. Bd2 Kh5 44. Bc3 Bh6 45. Nxc7 Nxa3 46. e5 dxe5 47. Bxe5 Nc4 48. Bd4 a3 49. Nb5 Nb2+ 50. Bxb2 axb2 51. Na3 Bf8 52. Kd2 Bxb4+ 53. Kxd3 Bxa3 54. Kc2 0-1

[Event "Sabadell Otero Memorial"]
[Site "Sabadell"]
[Date "2023.05.12"]
[Round "5"]
[White "Del Amo Carbo, Jordi"]
[Black "Garcia Gallardo, Victor"]
[Result "1/2-1/2"]
[WhiteElo "2117"]
[BlackElo "2070"]
[PlyCount "34"]
[EventDate "2023.04.14"]
[EventType "swiss"]
[EventRounds "8"]
[EventCountry "ESP"]
[SourceTitle "EXT 2024"]
[Source "ChessBase"]
[SourceDate "2023.10.10"]
[SourceVersion "1"]
[SourceVersionDate "2023.10.10"]
[SourceQuality "1"]

1. Nf3 d6 2. b3 e5 3. d3 f5 4. e4 Nf6 5. Nbd2 Be7 6. Bb2 0-0 7. Be2 Nc6 8. c4 f4 9. d4 exd4 10. Nxd4 Nxd4 11. Bxd4 Nd7 12. Qc2 Bf6 13. Bxf6 Qxf6 14. 0-0-0 a5 15. Qb2 Ne5 16. Nf3 Be6 17. Nxe5 dxe5 1/2-1/2

[Event "Sabadell Otero Memorial"]
[Site "Sabadell"]
[Date "2023.05.05"]
[Round "4"]
[White "Garcia Gallardo, Victor"]
[Black "Cruz Estrada, Filemon"]
[Result "1/2-1/2"]
[WhiteElo "2070"]
[BlackElo "2284"]
[PlyCount "20"]
[EventDate "2023.04.14"]
[EventType "swiss"]
[EventRounds "8"]
[EventCountry "ESP"]
[SourceTitle "EXT 2024"]
[Source "ChessBase"]
[SourceDate "2023.10.10"]
[SourceVersion "1"]
[SourceVersionDate "2023.10.10"]
[SourceQuality "1"]

1. e4 c6 2. Nc3 d5 3. Nf3 Bg4 4. d4 e6 5. h3 Bh5 6. Be2 Nf6 7. e5 Nfd7 8. Bg5 Be7 9. Bxe7 Qxe7 10. Qd2 a6 1/2-1/2

[Event "Catalunya-chT Gp1"]
[Site "Barcelona"]
[Date "2022.02.26"]
[Round "6.10"]
[White "Garcia Gallardo, Victor"]
[Black "Rechi Perez, Francesco"]
[Result "1-0"]
[WhiteElo "1867"]
[BlackElo "1865"]
[PlyCount "101"]
[EventDate "2022.01.22"]
[EventType "team-tourn"]
[EventRounds "9"]
[EventCountry "ESP"]
[SourceTitle "CBM 208 Extra"]
[Source "ChessBase"]
[SourceDate "2022.07.31"]
[SourceVersion "1"]
[SourceVersionDate "2022.07.31"]
[SourceQuality "1"]
[WhiteTeam "Terrassa"]
[BlackTeam "Geva CEA"]
[WhiteTeamCountry "ESP"]
[BlackTeamCountry "ESP"]

1. e4 e6 2. d4 d5 3. Nc3 dxe4 4. Nxe4 Bd7 5. Nf3 Bc6 6. Bd3 Be7 7. 0-0 Nf6 8. Ng3 h5 9. Qe2 h4 10. Ne4 Nxe4 11. Bxe4 Bxe4 12. Qxe4 Qd5 13. Qxd5 exd5 14. Bf4 Nd7 15. Rfe1 Kf8 16. Bxc7 Rc8 17. Bf4 Rxc2 18. Rac1 Rxc1 19. Rxc1 Bd8 20. Rc8 Ke8 21. Bg5 f6 22. Bxh4 g5 23. Bg3 Nb6 24. Rc1 Kd7 25. b3 Re8 26. Kf1 Re4 27. Rd1 Ke6 28. Ne1 Kf5 29. f3 Re6 30. Nd3 Be7 31. Nc5 Rc6 32. Nxb7 Rc2 33. a4 Bb4 34. Nc5 Nc8 35. Be1 Ba3 36. Nd3 Ne7 37. Rd2 Rc3 38. Nc5 Bxc5 39. dxc5 Rxb3 40. Re2 Nc6 41. Re8 Rb1 42. Rc8 Ne5 43. Ke2 Rc1 44. Bg3 Rc2+ 45. Kd1 Rc4 46. a5 Ra4 47. c6 Rxa5 48. c7 Nc4 49. Rh8 Ra1+ 50. Kc2 Ra2+ 51. Kc3 1-0

[Event "Barcelona Ciutat op-B"]
[Site "Barcelona"]
[Date "2021.08.24"]
[Round "7"]
[White "Garcia Gallardo, Victor"]
[Black "Marcos Rodriguez, Raul"]
[Result "1-0"]
[WhiteElo "1844"]
[BlackElo "1528"]
[PlyCount "125"]
[EventDate "2021.08.18"]
[EventType "swiss"]
[EventRounds "9"]
[EventCountry "ESP"]
[SourceTitle "EXT 2022"]
[Source "ChessBase"]
[SourceDate "2021.10.06"]
[SourceVersion "1"]
[SourceVersionDate "2021.10.06"]
[SourceQuality "1"]

1. e4 c5 2. Nf3 Nc6 3. d4 cxd4 4. Nxd4 Nf6 5. Nc3 e5 6. Ndb5 d6 7. Bg5 a6 8. Na3 b5 9. Bxf6 gxf6 10. Nd5 f5 11. g3 fxe4 12. Bg2 Bf5 13. c3 Rc8 14. Nc2 Bg7 15. Nce3 Bg6 16. h4 h5 17. Bh3 Rb8 18. Nf5 Bxf5 19. Bxf5 Ne7 20. Bxe4 Nxd5 21. Qxd5 Qd7 22. Qd3 0-0 23. Qd1 Qg4 24. Bf3 Qg6 25. 0-0 b4 26. Bxh5 Qf6 27. c4 e4 28. Rb1 Rfc8 29. b3 a5 30. Qe2 Qe5 31. Rbe1 Re8 32. Rd1 e3 33. Rd5 Qe6 34. fxe3 Qxe3+ 35. Qxe3 Rxe3 36. Bxf7+ Kh7 37. Kf2 Re7 38. Bh5 Be5 39. Rxa5 Rf8+ 40. Bf3 Rg7 41. Ke2 Rxg3 42. Be4+ Kg8 43. Bd5+ Kg7 44. Ra7+ Kh6 45. Rxf8 Rh3 46. Rff7 Rh2+ 47. Kf3 Rh3+ 48. Kg4 Rg3+ 49. Kf5 Bg7 50. Rxg7 Rxg7 51. Rxg7 Kxg7 52. Ke6 Kh6 53. Kxd6 Kh5 54. c5 Kxh4 55. c6 Kg3 56. c7 Kf2 57. c8Q Ke3 58. Ke5 Kd2 59. Ke4 Ke1 60. Ke3 Kf1 61. Qf5+ Ke1 62. Qf2+ Kd1 63. Qd2# 1-0

[Event "ESP-ch U16"]
[Site "Salobrena"]
[Date "2020.08.10"]
[Round "2"]
[White "Vergara Anton, Diego"]
[Black "Garcia Gallardo, Victor"]
[Result "1/2-1/2"]
[WhiteElo "2195"]
[BlackElo "1900"]
[PlyCount "81"]
[EventDate "2020.08.10"]
[EventType "swiss"]
[EventRounds "9"]
[EventCountry "ESP"]
[SourceTitle "EXT 2021"]
[Source "ChessBase"]
[SourceDate "2020.10.23"]
[SourceVersion "1"]
[SourceVersionDate "2020.10.23"]
[SourceQuality "1"]

1. d4 Nf6 2. Nf3 e6 3. g3 d5 4. Bg2 Be7 5. c4 0-0 6. Nc3 c6 7. 0-0 Nbd7 8. Nd2 b5 9. cxb5 cxb5 10. Nxb5 Qb6 11. Nc3 Qxd4 12. e4 Bb7 13. Nb3 Qxd1 14. Rxd1 dxe4 15. Nxe4 Bxe4 16. Bxe4 Nxe4 17. Rxd7 Bd8 18. Be3 Bb6 19. Bd4 Bxd4 20. Rxd4 Nf6 21. Rc1 Nd5 22. Na5 Rab8 23. b3 Rb6 24. a3 Ra8 25. b4 Kf8 26. Rdc4 g6 27. Rc8+ Rxc8 28. Rxc8+ Kg7 29. Ra8 a6 30. Ra7 e5 31. Nb3 Nc3 32. Nc5 Nb5 33. Rxa6 Rxa6 34. Nxa6 Nxa3 35. Nc7 Kf6 36. b5 Ke7 37. b6 Kd7 38. Nd5 Kc6 39. Nf6 h5 40. b7 Kxb7 41. Nd7 1/2-1/2

[Event "Sabadell op-B 12th"]
[Site "Sabadell"]
[Date "2019.09.08"]
[Round "7"]
[White "Fernandez Aguilar, Francisco"]
[Black "Garcia Gallardo, Victor"]
[Result "1/2-1/2"]
[WhiteElo "2040"]
[BlackElo "1767"]
[PlyCount "73"]
[EventDate "2019.09.02"]
[EventType "swiss"]
[EventRounds "9"]
[EventCountry "ESP"]
[SourceTitle "EXT 2021"]
[Source "ChessBase"]
[SourceDate "2020.10.23"]
[SourceVersion "1"]
[SourceVersionDate "2020.10.23"]
[SourceQuality "1"]

1. Nf3 Nf6 2. g3 e6 3. Bg2 d5 4. 0-0 c5 5. d4 Nc6 6. c4 Be7 7. cxd5 Nxd5 8. dxc5 0-0 9. Qc2 Qa5 10. Ng5 Nf6 11. Ne4 Nxe4 12. Bxe4 f5 13. Bg2 Qxc5 14. Qxc5 Bxc5 15. Nc3 e5 16. Nd5 Nd4 17. e3 Nc2 18. Rb1 Be6 19. Nc7 Bxa2 20. Nxa8 Bxb1 21. Bd5+ Kh8 22. Bxb7 Ba2 23. Nc7 Rb8 24. Bd5 Bxd5 25. Nxd5 Rd8 26. Rd1 Nb4 27. Nc3 Rxd1+ 28. Nxd1 Kg8 29. Bd2 Kf7 30. Bxb4 Bxb4 31. e4 fxe4 32. Kf1 Ke6 33. Ke2 Bc5 34. Nc3 Kf5 35. h3 Bd4 36. Nd1 Ke6 37. b3 1/2-1/2

[Event "Barcelona Sants op 21st"]
[Site "Barcelona"]
[Date "2019.08.29"]
[Round "7"]
[White "Cabot Muntane, Jordi"]
[Black "Garcia Gallardo, Victor"]
[Result "1/2-1/2"]
[WhiteElo "1875"]
[BlackElo "1767"]
[PlyCount "39"]
[EventDate "2019.08.23"]
[EventType "swiss"]
[EventRounds "10"]
[EventCountry "ESP"]
[SourceTitle "EXT 2020"]
[Source "ChessBase"]
[SourceDate "2019.10.17"]
[SourceVersion "1"]
[SourceVersionDate "2019.10.17"]
[SourceQuality "1"]

1. d4 Nf6 2. Nf3 e6 3. Bf4 d5 4. e3 c5 5. c3 Nc6 6. Nbd2 Bd6 7. Bg3 0-0 8. Be2 b6 9. 0-0 Bb7 10. Ne5 Ne7 11. h3 Qc7 12. f4 Nf5 13. Bf2 Be7 14. g4 Nd6 15. Qe1 Nfe4 16. Nxe4 dxe4 17. dxc5 bxc5 18. Nc4 Nxc4 19. Bxc4 Qb6 20. Rb1 1/2-1/2

[Event "Barcelona Sants op 21st"]
[Site "Barcelona"]
[Date "2019.08.24"]
[Round "2"]
[White "Garcia Gallardo, Victor"]
[Black "Rodriguez Regull, German"]
[Result "0-1"]
[WhiteElo "1767"]
[BlackElo "1944"]
[PlyCount "102"]
[EventDate "2019.08.23"]
[EventType "swiss"]
[EventRounds "10"]
[EventCountry "ESP"]
[SourceTitle "EXT 2020"]
[Source "ChessBase"]
[SourceDate "2019.10.17"]
[SourceVersion "1"]
[SourceVersionDate "2019.10.17"]
[SourceQuality "1"]

1. e4 b6 2. d4 Bb7 3. Bd3 e6 4. Nf3 Nf6 5. Qe2 d5 6. e5 Ne4 7. Nbd2 Nxd2 8. Bxd2 c5 9. c3 Nc6 10. 0-0 Be7 11. a3 a5 12. a4 0-0 13. Rac1 h6 14. Bb1 Ba6 15. Bd3 Bxd3 16. Qxd3 Qd7 17. Qb5 c4 18. b3 cxb3 19. Qxb3 Rab8 20. Rfd1 Rfc8 21. Qb5 Qb7 22. c4 Na7 23. Qb3 dxc4 24. Rxc4 Rxc4 25. Qxc4 Rc8 26. Qb3 Nc6 27. h3 Nb4 28. Bxb4 Bxb4 29. Rd3 Rd8 30. Qc4 Qd7 31. Qb3 Qc6 32. Rd1 b5 33. axb5 Qxb5 34. Rb1 Qc6 35. Qb2 Rc8 36. Qa2 Qe4 37. Rf1 g5 38. Qa4 Qc6 39. Ra1 Qd5 40. Rb1 Kg7 41. Rxb4 axb4 42. Qxb4 Rc1+ 43. Kh2 Qe4 44. Qd2 Rc2 45. Qe3 Qxe3 46. fxe3 Re2 47. Kg3 Rxe3 48. h4 Kg6 49. hxg5 hxg5 50. Kf2 Re4 51. Kg3 Kh5 0-1

[Event "Llinars del Valles op-A 13th"]
[Site "Llinars del Valles"]
[Date "2019.05.18"]
[Round "5"]
[White "Iglesias Rodriguez, Joel"]
[Black "Garcia Gallardo, Victor"]
[Result "1/2-1/2"]
[WhiteElo "1802"]
[BlackElo "1653"]
[PlyCount "61"]
[EventDate "2019.03.30"]
[EventType "swiss"]
[EventRounds "8"]
[EventCountry "ESP"]
[SourceTitle "EXT 2020"]
[Source "ChessBase"]
[SourceDate "2019.10.17"]
[SourceVersion "1"]
[SourceVersionDate "2019.10.17"]
[SourceQuality "1"]

1. e4 c5 2. c3 Nf6 3. e5 Nd5 4. d4 cxd4 5. cxd4 Nc6 6. Nc3 Nxc3 7. bxc3 d6 8. exd6 Qxd6 9. Bb5 Qd5 10. Bxc6+ Qxc6 11. Qf3 Qxf3 12. Nxf3 Be6 13. 0-0 Rc8 14. Bf4 Bd5 15. Ne5 f6 16. Nd3 e6 17. Nb4 Bc4 18. Rfe1 Kf7 19. Re3 Bxb4 20. cxb4 Rhd8 21. Ra3 a6 22. Be3 Bd5 23. Ra5 Rc2 24. Rc5 Rc8 25. a3 b6 26. Rc1 Rxc1+ 27. Rxc1 Rxc1+ 28. Bxc1 Ke7 29. g3 Kd6 30. Kf1 Kc6 31. Ke2 1/2-1/2

[Event "Llinars del Valles op-B 12th"]
[Site "Llinars del Valles"]
[Date "2018.06.09"]
[Round "8.9"]
[White "Garcia Gallardo, Victor"]
[Black "Martin Roldan, Adam"]
[Result "1-0"]
[WhiteElo "1573"]
[BlackElo "1381"]
[PlyCount "61"]
[EventDate "2018.04.14"]
[EventType "swiss"]
[EventRounds "8"]
[EventCountry "ESP"]
[SourceTitle "CBM 184 Extra"]
[Source "ChessBase"]
[SourceDate "2018.06.28"]
[SourceVersion "1"]
[SourceVersionDate "2018.06.28"]
[SourceQuality "1"]

1. e4 c5 2. Nf3 e6 3. d4 cxd4 4. Nxd4 a6 5. Nc3 Qc7 6. Be2 Nf6 7. 0-0 Be7 8. f4 d6 9. Be3 b6 10. Bf3 Bb7 11. Qe1 Nbd7 12. Qg3 0-0 13. Rae1 Rfe8 14. Qf2 Rac8 15. g4 Nc5 16. Qg2 Ba8 17. g5 Nfd7 18. h4 f6 19. f5 e5 20. Ne6 Nxe6 21. fxe6 Nf8 22. gxf6 Bxf6 23. Bh5 Rxe6 24. Bg4 Bxh4 25. Bxe6+ Nxe6 26. Rd1 b5 27. Qg4 Qe7 28. Nd5 Qe8 29. Qxh4 Qg6+ 30. Kh1 Rxc2 31. Ne7+ 1-0

[Event "Llinars del Valles op-B 12th"]
[Site "Llinars del Valles"]
[Date "2018.05.19"]
[Round "5.15"]
[White "Quiros Garcia, Luis"]
[Black "Garcia Gallardo, Victor"]
[Result "1-0"]
[WhiteElo "1341"]
[BlackElo "1573"]
[PlyCount "57"]
[EventDate "2018.04.14"]
[EventType "swiss"]
[EventRounds "8"]
[EventCountry "ESP"]
[SourceTitle "CBM 184 Extra"]
[Source "ChessBase"]
[SourceDate "2018.06.28"]
[SourceVersion "1"]
[SourceVersionDate "2018.06.28"]
[SourceQuality "1"]

1. e4 c5 2. c3 Nf6 3. e5 Nd5 4. d4 cxd4 5. Nf3 Nc6 6. cxd4 d6 7. Bc4 Nb6 8. Bb5 a6 9. Bxc6+ bxc6 10. Qc2 Bb7 11. 0-0 e6 12. exd6 Bxd6 13. Nc3 0-0 14. Ng5 g6 15. Nge4 e5 16. Bh6 Re8 17. Bg5 Be7 18. Bxe7 Qxe7 19. dxe5 Qxe5 20. Rfe1 Nd5 21. Re2 Nxc3 22. Nxc3 Qg5 23. Ne4 Qf5 24. Rae1 c5 25. Nf6+ Qxf6 26. Rxe8+ Rxe8 27. Rxe8+ Kg7 28. Qxc5 Qxb2 29. Qf8+ 1-0

[Event "Llinars del Valles op-B 12th"]
[Site "Llinars del Valles"]
[Date "2018.04.28"]
[Round "3.10"]
[White "Bautista Sarmiento, Joel"]
[Black "Garcia Gallardo, Victor"]
[Result "0-1"]
[WhiteElo "1373"]
[BlackElo "1573"]
[PlyCount "56"]
[EventDate "2018.04.14"]
[EventType "swiss"]
[EventRounds "8"]
[EventCountry "ESP"]
[SourceTitle "CBM 184 Extra"]
[Source "ChessBase"]
[SourceDate "2018.06.28"]
[SourceVersion "1"]
[SourceVersionDate "2018.06.28"]
[SourceQuality "1"]

1. e4 c5 2. d4 cxd4 3. c3 dxc3 4. Nxc3 Nc6 5. Nf3 e6 6. Bc4 Qc7 7. Qe2 a6 8. a3 Bc5 9. Be3 Bxe3 10. Qxe3 Nf6 11. h3 d6 12. 0-0 0-0 13. Rfd1 b5 14. Ba2 Bb7 15. Rac1 Qe7 16. e5 Nxe5 17. Nxe5 dxe5 18. Qxe5 Rac8 19. Rd2 Ne4 20. Rdc2 Qd6 21. Qh5 Nxc3 22. Rxc3 Rxc3 23. Rxc3 Qd2 24. Rc7 Qxb2 25. Bxe6 fxe6 26. Rxb7 Qxf2+ 27. Kh2 Qf4+ 28. Kg1 Rc8 0-1

[Event "Llinars del Valles op-B 12th"]
[Site "Llinars del Valles"]
[Date "2018.04.21"]
[Round "2.11"]
[White "Garcia Gallardo, Victor"]
[Black "Berbel Gutierrez, Jose Guillermo"]
[Result "1/2-1/2"]
[WhiteElo "1573"]
[BlackElo "1408"]
[PlyCount "46"]
[EventDate "2018.04.14"]
[EventType "swiss"]
[EventRounds "8"]
[EventCountry "ESP"]
[SourceTitle "CBM 184 Extra"]
[Source "ChessBase"]
[SourceDate "2018.06.28"]
[SourceVersion "1"]
[SourceVersionDate "2018.06.28"]
[SourceQuality "1"]

1. e4 e6 2. d4 d5 3. Nc3 dxe4 4. Nxe4 Bd7 5. Nf3 Bc6 6. Bd3 Nd7 7. 0-0 Ngf6 8. Ng3 Bd6 9. Re1 Bxf3 10. Qxf3 c6 11. Nf5 Bf8 12. Bf4 g6 13. Nd6+ Bxd6 14. Bxd6 Qb6 15. Be5 Nxe5 16. dxe5 Nd7 17. b3 0-0-0 18. a4 Qd4 19. Qe2 Nc5 20. Rad1 Nxd3 21. Rxd3 Qb6 22. Red1 Rxd3 23. Rxd3 Rd8 1/2-1/2